[Event "Joytu Sheikh Hasina Online op"]
[Site "Chess.com INT"]
[Date "2020.09.26"]
[Round "8"]
[White "Noshin, Anjum"]
[Black "Warsia, Khusbu"]
[Result "1-0"]
[WhiteElo "1902"]
[BlackElo "1423"]
[PlyCount "101"]
[EventDate "2020.09.24"]
[EventType "swiss"]
[EventRounds "9"]
[EventCountry "BAN"]
[SourceTitle "EXT 2022"]
[Source "ChessBase"]
[SourceDate "2021.10.06"]
[SourceVersion "1"]
[SourceVersionDate "2021.10.06"]
[SourceQuality "1"]

1. e4 e5 2. Nf3 Nc6 3. Bb5 a6 4. Ba4 Nf6 5. 0-0 b5 6. Bb3 Bc5 7. c3 d6 8. d4 Bb6 9. h3 Bb7 10. Re1 0-0 11. a4 h6 12. Bc2 Re8 13. d5 Ne7 14. Bd3 c6 15. dxc6 Bxc6 16. Nbd2 Ng6 17. Nf1 Nh5 18. Nd4 exd4 19. Qxh5 dxc3 20. axb5 Bxb5 21. Bxb5 axb5 22. Rxa8 Qxa8 23. Qxb5 Bd4 24. bxc3 Bxc3 25. Bd2 Bd4 26. Ng3 Be5 27. Nf5 Ne7 28. Nxe7+ Rxe7 29. f3 Qa7+ 30. Be3 Qa8 31. Rb1 Re8 32. Qd7 Qc8 33. Rb7 Qxd7 34. Rxd7 Rb8 35. f4 Bf6 36. Rxd6 Kf8 37. e5 Be7 38. Rd3 Ke8 39. Kf2 Rb2+ 40. Kf3 Rb8 41. Bd4 Rd8 42. Ke4 f6 43. exf6 Bxf6 44. Bxf6 Rxd3 45. Kxd3 gxf6 46. Ke4 Kf7 47. Kf5 h5 48. h4 Kg7 49. Ke6 Kg6 50. f5+ Kg7 51. g3 1-0